[Event "Quebec op"]
[Site "Montreal"]
[Date "2023.07.30"]
[Round "3"]
[White "Robichaud, Louis"]
[Black "Chang, Alexander Rz"]
[Result "0-1"]
[WhiteElo "2008"]
[BlackElo "1704"]
[PlyCount "80"]
[EventDate "2023.07.29"]
[EventType "swiss"]
[EventRounds "9"]
[EventCountry "CAN"]
[SourceTitle "CBM 215 Extra"]
[Source "ChessBase"]
[SourceDate "2023.09.30"]
[SourceVersion "1"]
[SourceVersionDate "2023.09.30"]
[SourceQuality "1"]

1. e4 e5 2. f4 Bc5 3. Nf3 d6 4. Nc3 Nc6 5. Bb5 Bg4 6. h3 Bxf3 7. Qxf3 Nf6 8. d3 0-0 9. Bxc6 bxc6 10. f5 d5 11. Bg5 Bb4 12. 0-0 Bxc3 13. bxc3 dxe4 14. dxe4 h6 15. Be3 Qe7 16. a4 a5 17. Bf2 Rfd8 18. Qe2 Rab8 19. g4 Rd7 20. Kh1 Rbd8 21. Be1 Qc5 22. h4 Ne8 23. g5 Nd6 24. gxh6 Qc4 25. Qxc4 Nxc4 26. Rg1 f6 27. Bf2 Kh7 28. Rxg7+ Rxg7 29. hxg7 Kxg7 30. Rg1+ Kf7 31. Rg3 Nd6 32. Rh3 Nxe4 33. Be3 Nd6 34. h5 Nxf5 35. Bc5 Rh8 36. Kg2 Ng7 37. Rd3 Ke6 38. h6 Rxh6 39. Rd8 Rh4 40. Bf2 Rxa4 0-1

[Event "Montreal Pere Noel op"]
[Site "Montreal"]
[Date "2022.12.29"]
[Round "4"]
[White "Robichaud, Louis"]
[Black "Wang, Derek"]
[Result "0-1"]
[WhiteElo "2032"]
[BlackElo "1678"]
[PlyCount "80"]
[EventDate "2022.12.27"]
[EventType "swiss"]
[EventRounds "5"]
[EventCountry "CAN"]
[SourceTitle "CBM 211 Extra"]
[Source "ChessBase"]
[SourceDate "2023.01.31"]
[SourceVersion "1"]
[SourceVersionDate "2023.01.31"]
[SourceQuality "1"]

1. e4 c5 2. d3 Nc6 3. f4 e6 4. Nf3 Nge7 5. Be2 d5 6. 0-0 g6 7. e5 Bg7 8. c3 0-0 9. Na3 a6 10. Be3 b6 11. Nc2 Bd7 12. g4 f5 13. exf6 Bxf6 14. d4 c4 15. Qd2 b5 16. Ne5 Nc8 17. Bf3 Nd6 18. Qg2 Kh8 19. Rae1 Ne7 20. Bc1 Bc8 21. Kh1 Bb7 22. Ne3 Ne4 23. Nd1 Nc8 24. Nf2 Ncd6 25. Qh3 Qe8 26. Bg2 a5 27. Nd1 b4 28. Ne3 Rc8 29. g5 Bxe5 30. dxe5 Nf5 31. Ng4 Nc5 32. Nf6 Qe7 33. Qg4 d4 34. cxd4 Nd3 35. d5 Nxc1 36. Rxc1 Ne3 37. Qh3 Nxg2 38. Kxg2 Bxd5+ 39. Kf2 Qa7+ 40. Ke1 Bg2 0-1

[Event "Montreal Noel op"]
[Site "Montreal"]
[Date "2019.12.28"]
[Round "3"]
[White "Zhong, Kevin"]
[Black "Robichaud, Louis"]
[Result "1/2-1/2"]
[WhiteElo "2067"]
[BlackElo "2038"]
[PlyCount "46"]
[EventDate "2019.12.26"]
[EventType "swiss"]
[EventRounds "5"]
[EventCountry "CAN"]
[SourceTitle "CBM 194 Extra"]
[Source "ChessBase"]
[SourceDate "2020.03.31"]
[SourceVersion "1"]
[SourceVersionDate "2020.03.31"]
[SourceQuality "1"]

1. e4 e5 2. Nf3 Nc6 3. Bc4 Bc5 4. c3 Nf6 5. d3 0-0 6. 0-0 d5 7. exd5 Nxd5 8. a4 a5 9. Re1 h6 10. Nbd2 Nf6 11. h3 Bd6 12. Bb5 Re8 13. Ne4 Nxe4 14. dxe4 Be6 15. Be3 Qf6 16. Kh2 Red8 17. Qe2 Ne7 18. Bc4 Ng6 19. Nd2 Bd7 20. Bb5 Be6 21. Bc4 Bd7 22. Bb5 Be6 23. Bc4 Bd7 1/2-1/2

[Event "CAN-ch International"]
[Site "Longueuil"]
[Date "2019.10.11"]
[Round "1"]
[White "Robichaud, Louis"]
[Black "Rodrigue Lemieux, Shawn"]
[Result "0-1"]
[WhiteElo "2162"]
[BlackElo "2393"]
[PlyCount "74"]
[EventDate "2019.10.11"]
[EventType "swiss"]
[EventRounds "5"]
[EventCountry "CAN"]
[SourceTitle "CBM 192 Extra"]
[Source "Chessbase"]
[SourceDate "2019.11.06"]
[SourceVersion "1"]
[SourceVersionDate "2019.11.06"]
[SourceQuality "1"]

1. e4 e6 2. d3 d5 3. Nd2 c5 4. g3 Nc6 5. Bg2 Nf6 6. Ngf3 Be7 7. 0-0 0-0 8. Re1 Qc7 9. e5 Nd7 10. Qe2 b5 11. Nf1 Bb7 12. h4 Rfc8 13. c3 a5 14. h5 h6 15. N1h2 Qd8 16. Ng4 Qf8 17. Bf4 b4 18. Qd2 Kh7 19. c4 Nb6 20. b3 a4 21. d4 dxc4 22. bxc4 cxd4 23. Nxd4 Kh8 24. Nb5 Nxc4 25. Qd7 Rab8 26. Qd3 N6a5 27. Bxb7 Rxb7 28. Nd6 Rd8 29. Qe2 Nxd6 30. exd6 Bxd6 31. Qa6 Bxf4 32. gxf4 Ra8 33. Qe2 b3 34. axb3 Nxb3 35. Ra2 Qb4 36. Qe4 Qxe4 37. Rxe4 f5 0-1

[Event "Montreal Varennes op"]
[Site "Montreal"]
[Date "2018.10.07"]
[Round "4"]
[White "Cazelais, Marc"]
[Black "Robichaud, Louis"]
[Result "1-0"]
[WhiteElo "2164"]
[BlackElo "2022"]
[PlyCount "45"]
[EventDate "2018.10.05"]
[EventType "swiss"]
[EventRounds "5"]
[EventCountry "CAN"]
[SourceTitle "CBM 187 Extra"]
[Source "ChessBase"]
[SourceDate "2018.11.04"]
[SourceVersion "1"]
[SourceVersionDate "2018.11.04"]
[SourceQuality "1"]

1. e4 e5 2. Nf3 Nc6 3. Nc3 Nf6 4. d4 exd4 5. Nxd4 Bb4 6. Nxc6 bxc6 7. Bd3 d5 8. exd5 cxd5 9. 0-0 0-0 10. Bg5 c6 11. Na4 Re8 12. c3 Be7 13. Re1 Be6 14. Bc2 Qd6 15. Qd3 g6 16. Qd4 Nh5 17. Bxe7 Rxe7 18. Nc5 Rae8 19. Re3 Ng7 20. Ne4 Qb8 21. Nf6+ Kh8 22. Qh4 h5 23. Qg5 1-0

[Event "Montreal Varennes op"]
[Site "Montreal"]
[Date "2018.10.05"]
[Round "1"]
[White "Robichaud, Louis"]
[Black "Rodrigue Lemieux, Shawn"]
[Result "1-0"]
[WhiteElo "2022"]
[BlackElo "2316"]
[PlyCount "69"]
[EventDate "2018.10.05"]
[EventType "swiss"]
[EventRounds "5"]
[EventCountry "CAN"]
[SourceTitle "CBM 187 Extra"]
[Source "ChessBase"]
[SourceDate "2018.11.04"]
[SourceVersion "1"]
[SourceVersionDate "2018.11.04"]
[SourceQuality "1"]

1. e4 c6 2. d3 d5 3. Nd2 e5 4. Ngf3 Bd6 5. g3 Ne7 6. Bg2 0-0 7. 0-0 Nd7 8. exd5 cxd5 9. c4 Nc5 10. cxd5 Nxd3 11. Nc4 e4 12. Ng5 f5 13. Bxe4 Nxc1 14. Bg2 Nxa2 15. Rxa2 Qc7 16. b3 b5 17. Nxd6 Qxd6 18. Re1 Bd7 19. Ne6 Rf6 20. Qa1 a6 21. b4 Qxb4 22. d6 Re8 23. Nc7 Qxd6 24. Nxe8 Bxe8 25. Rae2 Rf7 26. Qa2 Kf8 27. Bd5 h6 28. Bxf7 Bxf7 29. Qc2 Qc6 30. Qb1 Nd5 31. Qxf5 g6 32. Qe5 Kg8 33. Rd1 a5 34. Red2 Nc7 35. Rd6 1-0

[Event "Montreal Varennes op"]
[Site "Montreal"]
[Date "2017.10.06"]
[Round "1"]
[White "Alvarez Pedraza, Aramis"]
[Black "Robichaud, Louis"]
[Result "1-0"]
[WhiteElo "2489"]
[BlackElo "2056"]
[PlyCount "71"]
[EventDate "2017.10.06"]
[EventType "swiss"]
[EventRounds "5"]
[EventCountry "CAN"]
[SourceTitle "CBM 181 Extra"]
[Source "ChessBase"]
[SourceDate "2017.12.12"]
[SourceVersion "1"]
[SourceVersionDate "2017.12.12"]
[SourceQuality "1"]

1. d4 Nf6 2. Nf3 g6 3. Bf4 Bg7 4. e3 d6 5. Be2 0-0 6. 0-0 Nbd7 7. h3 Re8 8. c4 b6 9. Nc3 Bb7 10. d5 e5 11. Bg5 e4 12. Nd4 h6 13. Bh4 g5 14. Bg3 Ne5 15. Qc2 Qd7 16. Rad1 g4 17. hxg4 Nexg4 18. b4 a6 19. Bf4 Re7 20. c5 Nxd5 21. c6 Nxb4 22. cxd7 Nxc2 23. Nxc2 Ne5 24. Nd4 Rxd7 25. Nf5 Re8 26. Nd5 Re6 27. Nb4 b5 28. Nxg7 Kxg7 29. Nd5 f5 30. f3 c6 31. Nb6 Rd8 32. fxe4 fxe4 33. Bh5 Nd3 34. Bg3 Rf8 35. Rxf8 Kxf8 36. Rf1+ 1-0

[Event "Montreal Mont Royal op"]
[Site "Montreal"]
[Date "2017.07.27"]
[Round "6"]
[White "Mikhalevski, Victor"]
[Black "Robichaud, Louis"]
[Result "1-0"]
[WhiteElo "2540"]
[BlackElo "2052"]
[PlyCount "75"]
[EventDate "2017.07.22"]
[EventType "swiss"]
[EventRounds "9"]
[EventCountry "CAN"]
[SourceTitle "CBM 179 Extra"]
[Source "ChessBase"]
[SourceDate "2017.08.23"]
[SourceVersion "1"]
[SourceVersionDate "2017.08.23"]
[SourceQuality "1"]

1. Nf3 Nf6 2. g3 g6 3. b3 Bg7 4. Bb2 0-0 5. Bg2 d6 6. d4 Nbd7 7. 0-0 e5 8. dxe5 Ng4 9. Qd2 Ngxe5 10. c4 Re8 11. Nc3 Nc5 12. Rad1 Bf5 13. Nxe5 Bxe5 14. b4 Nd7 15. Nd5 Be6 16. Ne3 c6 17. Ba3 Qb6 18. Rb1 Qa6 19. Qd3 Rac8 20. Rfd1 Bg7 21. b5 Qa4 22. bxc6 bxc6 23. Qb3 Qxb3 24. axb3 d5 25. cxd5 cxd5 26. Nxd5 Bxd5 27. Bxd5 Nb6 28. Bf3 h5 29. Bc1 Rc5 30. Be3 Rc7 31. Rbc1 Rec8 32. Rd8+ Rxd8 33. Rxc7 Rd1+ 34. Kg2 Nd5 35. Bxd5 Rxd5 36. Bxa7 Rb5 37. Rc8+ Kh7 38. Rb8 1-0

[Event "Montreal Mont Royal op"]
[Site "Montreal"]
[Date "2017.07.25"]
[Round "4"]
[White "Rodrigue Lemieux, Shawn"]
[Black "Robichaud, Louis"]
[Result "1/2-1/2"]
[WhiteElo "2118"]
[BlackElo "2052"]
[PlyCount "89"]
[EventDate "2017.07.22"]
[EventType "swiss"]
[EventRounds "9"]
[EventCountry "CAN"]
[SourceTitle "CBM 179 Extra"]
[Source "ChessBase"]
[SourceDate "2017.08.23"]
[SourceVersion "1"]
[SourceVersionDate "2017.08.23"]
[SourceQuality "1"]

1. e4 e5 2. Nf3 Nc6 3. Bc4 Bc5 4. c3 Nf6 5. d3 0-0 6. 0-0 d5 7. exd5 Nxd5 8. h3 Nf6 9. Nbd2 Bf5 10. b4 Bd6 11. Qe2 Qe7 12. Ne4 Nxe4 13. dxe4 Be6 14. Be3 Bxc4 15. Qxc4 h6 16. Nh2 a6 17. Ng4 h5 18. Nh2 Nd8 19. Qe2 g6 20. Kh1 Ne6 21. g4 hxg4 22. Qxg4 Nf4 23. Bxf4 exf4 24. Rae1 Be5 25. Qf3 Kg7 26. Rg1 Rh8 27. Ng4 Rh4 28. Kg2 Rah8 29. Rh1 Rd8 30. Rd1 Rhh8 31. Rd5 f6 32. Rhd1 c6 33. Rxd8 Rxd8 34. Rd3 b5 35. Qd1 Rxd3 36. Qxd3 g5 37. Nh2 Qd6 38. Qxd6 Bxd6 39. Nf3 c5 40. a3 Kg6 41. Nd2 c4 42. f3 Be5 43. Nb1 f5 44. exf5+ Kxf5 45. Kf2 1/2-1/2

[Event "Montreal Pere Noel op"]
[Site "Montreal"]
[Date "2016.12.27"]
[Round "2"]
[White "Robichaud, Louis"]
[Black "Yu, Zong Yang"]
[Result "0-1"]
[WhiteElo "2039"]
[BlackElo "2383"]
[PlyCount "50"]
[EventDate "2016.12.26"]
[EventType "swiss"]
[EventRounds "5"]
[EventCountry "CAN"]
[SourceTitle "CBM 176 Extra"]
[Source "ChessBase"]
[SourceDate "2017.03.02"]
[SourceVersion "1"]
[SourceVersionDate "2017.03.02"]
[SourceQuality "1"]

1. e4 c5 2. d3 Nc6 3. g3 g6 4. Bg2 Bg7 5. f4 e6 6. Nf3 Nge7 7. 0-0 0-0 8. Nc3 d6 9. Be3 Nd4 10. e5 Bd7 11. Ne4 Nef5 12. Bf2 Nxf3+ 13. Qxf3 Bc6 14. c3 Rc8 15. exd6 Nxd6 16. Qe2 b6 17. Rad1 Re8 18. Nxd6 Bxg2 19. Kxg2 Qxd6 20. Qf3 Qd7 21. d4 cxd4 22. Bxd4 Qa4 23. Bxg7 Kxg7 24. a3 Red8 25. Rd3 Qc2+ 0-1

[Event "Montreal Pere Noel op"]
[Site "Montreal"]
[Date "2016.12.26"]
[Round "1"]
[White "Guipi Bopala, Prince Eric Jr"]
[Black "Robichaud, Louis"]
[Result "0-1"]
[WhiteElo "1588"]
[BlackElo "2039"]
[PlyCount "78"]
[EventDate "2016.12.26"]
[EventType "swiss"]
[EventRounds "5"]
[EventCountry "CAN"]
[SourceTitle "CBM 176 Extra"]
[Source "ChessBase"]
[SourceDate "2017.03.02"]
[SourceVersion "1"]
[SourceVersionDate "2017.03.02"]
[SourceQuality "1"]

1. d4 Nf6 2. c4 g6 3. Nc3 Bg7 4. e4 d6 5. f3 0-0 6. Be3 c5 7. Nge2 Nc6 8. d5 Ne5 9. Ng3 e6 10. Be2 exd5 11. cxd5 a6 12. a4 h5 13. 0-0 h4 14. Nh1 h3 15. g4 Re8 16. Nf2 Rb8 17. Nxh3 b5 18. axb5 axb5 19. Bxb5 Bd7 20. Bxd7 Nfxd7 21. Qe2 c4 22. Nf2 Qf6 23. f4 Nd3 24. g5 Qe7 25. Nxd3 cxd3 26. Qxd3 Rxb2 27. Ra7 Rb4 28. Bf2 Qd8 29. Bg3 Nc5 30. Qe3 Bd4 31. Qxd4 Rxd4 32. f5 Qxg5 33. fxg6 Qxg6 34. Nb5 Rd3 35. Nxd6 Rxg3+ 36. hxg3 Qxd6 37. Rfxf7 Qxg3+ 38. Kh1 Rxe4 39. Rfc7 Rh4# 0-1

[Event "Montreal Varennes op"]
[Site "Montreal"]
[Date "2016.10.08"]
[Round "3"]
[White "Yu, Zong Yang"]
[Black "Robichaud, Louis"]
[Result "1-0"]
[WhiteElo "2389"]
[BlackElo "2045"]
[PlyCount "97"]
[EventDate "2016.10.07"]
[EventType "swiss"]
[EventRounds "5"]
[EventCountry "CAN"]
[SourceTitle "CBM 175 Extra"]
[Source "ChessBase"]
[SourceDate "2016.12.12"]
[SourceVersion "1"]
[SourceVersionDate "2016.12.12"]
[SourceQuality "1"]

1. d4 Nf6 2. c4 g6 3. Nc3 Bg7 4. e4 d6 5. Nf3 0-0 6. Be2 e5 7. Be3 Ng4 8. Bg5 f6 9. Bh4 g5 10. Bg3 Nh6 11. dxe5 dxe5 12. 0-0 Nf7 13. Ne1 c6 14. Nc2 Na6 15. b4 Nc7 16. c5 Ne6 17. Bc4 a5 18. a3 axb4 19. axb4 Rxa1 20. Qxa1 Nd4 21. Qa2 Nxc2 22. Qxc2 Qe7 23. Qa2 Rd8 24. f3 Bf8 25. Na4 Re8 26. Nb6 Be6 27. Bxe6 Qxe6 28. Qxe6 Rxe6 29. Ra1 Re8 30. Ra7 Nd8 31. h4 h6 32. h5 Re7 33. Bf2 Ne6 34. Be3 Rc7 35. Kf2 Be7 36. Kg3 Bd8 37. Kg4 Re7 38. Nc4 Nd4 39. Bxd4 exd4 40. Ra8 Re8 41. Nd6 Rf8 42. Nf5 Bc7 43. Nxh6+ Kg7 44. Nf5+ Kf7 45. Rxf8+ Kxf8 46. Nxd4 Be5 47. Ne6+ Kg8 48. Kf5 Bc3 49. Kg6 1-0